Pippa (Record no. 36927)

MARC details
000 -LEADER
campo de control de longitud fija 00566nam a2200181 i 4500
001 - NÚMERO DE CONTROL
campo de control 36927
003 - IDENTIFICADOR DE NÚMERO DE CONTROL
campo de control ES-MaACL
005 - FECHA Y HORA DE LA ÚLTIMA TRANSACCIÓN
campo de control 20251015063050.0
007 - CAMPO FIJO DE DESCRIPCIÓN FÍSICA--INFORMACIÓN GENERAL
campo de control de longitud fija t|
008 - DATOS DE LONGITUD FIJA--INFORMACIÓN GENERAL
campo de control de longitud fija 030219s1936 fr ||||1| fre d
100 1# - ENTRADA PRINCIPAL--NOMBRE DE PERSONA
Nombre de persona Browning, Robert,
Fechas asociadas al nombre 1812-1889
9 (RLIN) 32036
245 10 - MENCIÓN DEL TÍTULO
Título Pippa
Resto del título : (pippa passes) /
Mención de responsabilidad, etc. R. Browning ; traduit et preface par Paul de Reul.
260 ## - PUBLICACIÓN, DISTRIBUCIÓN, ETC.
Lugar de publicación, distribución, etc. Paris :
Nombre del editor, distribuidor, etc. Fernand Aubier,
Fecha de publicación, distribución, etc. 1936 (
Lugar de fabricación/manufactura Saint Amand :
Fabricante R. Bussiére)
300 ## - DESCRIPCIÓN FÍSICA
Extensión 139 p. ;
Dimensiones 19 cm.
700 1# - ENTRADA AGREGADA--NOMBRE PERSONAL
Nombre de persona Reul, Paul de.
9 (RLIN) 96374
852 ## - LOCALIZACIÓN
Ubicación ES-MaACL
Número de control de estantería A-4268
Holdings
Estatus retirado Estado de pérdida Estado de daño No para préstamo Biblioteca de origen Biblioteca actual Ubicación en estantería Fecha de adquisición Fuente de adquisición Total de préstamos Signatura topográfica completa Código de barras Visto por última vez Precio de reemplazo Tipo de ítem Koha
        Biblioteca del Ateneo de Madrid Biblioteca del Ateneo de Madrid Sala Pecera Planta 1 17/01/2008     A-4268 1038838 23/02/2023 23/02/2023 Libro impreso